00436 2200169 4500001002100000005001500021035002000036245004400056100001700100250001700117300003200134260003300166082001000199084001600209020002200225650001900247INLIS00000000000040020240618091715 a0010-06240001091 aBercocok Tanam Rambutan /cSiti Rochani0 aSiti Rochani acetakan ke-1 aiv, 84 hlm :bilus ;c21 cm aJakarta :bAzka Press,c2007 a634.6 a634.6 SIT b a978-979-121-151-2 4aBercocok Tanam